| 000 | 00792cam a2200217 4500 | ||
|---|---|---|---|
| 001 | WB3623-22 | ||
| 008 | 000000n2000 000 0 eng u | ||
| 035 | _a(Sirsi) u106468 | ||
| 245 | _aRented sector set to soar | ||
| 260 | _c2000 | ||
| 490 |
_aEstate Agency News _v 6 June 2000, 4(1) |
||
| 520 | _aResearch by letting agents in the UK predicts that private rented sector accommodation will rise by 13% over the next five years. To promote high standards the NALS has launched a factsheet and website. | ||
| 590 | _aWB | ||
| 600 | _aRENTED HOUSING | ||
| 650 | _aPRIVATE RENTED SECTOR | ||
| 650 | _aLETTINGS AGENTS | ||
| 650 | _aNATIONAL APPROVED LETTING SCHEME | ||
| 650 | _aASSOCIATION OF RESIDENTIAL LETTING AGENTS | ||
| 690 | _aHOUSING-PRIVATE RENTED SECTOR | ||
| 942 | _n0 | ||
| 999 |
_c63776 _d63776 |
||